Classifica Scarpa d'Oro 2000 - Statistics

Statistiche generali
  • Questo quiz è stato fatto 13 volte
  • Il punteggio medio è 6 su 15
Statistiche sulle risposte
Gol Coefficiente EUFA Punti Nazione Squadra Calciatore % Corretto
24 x2 48 Ucraina Milan Andrij Ševčenko
100%
22 x2 44 Argentina Fiorentina Gabriel Omar Batistuta
100%
22 x2 44 Argentina Parma Hernán Crespo
100%
22 x2 44 Inghilterra Newcastle Utd Alan Shearer
75%
29 x1,5 43,5 Paesi Bassi PSV Ruud van Nistelrooy
50%
22 x2 44 Francia Monaco David Trezeguet
42%
37 x1,5 55,5 Brasile Porto Jardel
33%
30 x2 60 Inghilterra Sunderland Kevin Phillips
25%
32 x1,5 48 Croazia / Austria Sturm Graz Ivica Vastić
8%
21 x2 42 Italia Monaco Marco Simone
8%
23 x2 46 Brasile Olympique Lione Sonny Anderson
8%
24 x2 48 Paesi Bassi Atletico Madrid Jimmy Floyd Hasselback
0%
30 x1,5 45 Norvegia Gent Ole Martin Årst
0%
27 x2 54 Spagna Racing Santander Salva Ballesta
0%
30 x1,5 45 Turchia Samsunspor Serkyan Aykut
0%
Nessun quiz corrispondente trovato
Distribuzione punteggi
Percentuale di utenti per punteggio
Percentile per numero di risposta
I tuoi punteggi nel tempo
Non hai fatto questo quiz